1857 1127 1573 1046 1344 1673 1309 1279 1107 1977 1751 1420 1272 1925 1595 1092 1067 1614 1787 1938 1504 1888 1083 1606 1671 1351 1254 1166 1343 1013 1947 1390 1324 1655 1664 1242 1201 1980 1297 1476 1167 1389 1597 1950 1646 1879 1067 1607 1271 1504 1853 1101 1876 1339 1666 1139 1642 1256 1084 1179 1168 1323 1326 1629 1190 1532 1878 1098 1715 1926 1252 1215 1595 1133 1677 1410 1371 1080 1662 1295 1842 1897 1461 1473 1432 1557 1464 1579 1243 1738 1025 1765 1881 1095 1554 1395 1218 1115 1285 BCNSPRNW ULIB Ver.6.0+V

เปลี่ยนเป็นภาษาไทย

Change to English
 แสดงรายละเอียดบรรณานุกรม
  กลับหน้าหลัก

Brief Record : Get Marc (ISO 2709) : E-mail record : QR code < ปิดหน้าต่าง
LEADER : 00000nam 2200000uu 4500
001    13399122264
003     ULIB
008    130121s2553||||th 000 0 tha d
020    ^a9786169020080
050  4 ^aBQ4570.L5^bว111ส
100 0  ^aว. วชิรเมธี
245 10 ^aสิ่งที่สูงกว่าเงิน /^cว. วชิรเมธี
250    ^aพิมพ์ครั้งที่ 1
260    ^aกรุงเทพ :^bปราณ,^c2553
300    ^a68 หน้า :^bภาพประกอบ +^eซีดีรอม 2 แผ่น (4 3/4 นิ้ว)
400    ^aชุด ธรรมบรรยาย
650  4 ^aธรรมะกับชีวิตประจำวัน
945    ^p259^l0^i19771
995    ^aทศพร
999    ^aทศพร เกษรทอง
รายการนี้ยังไม่มีแท็ก
คุณยังไม่ได้ล็อกอิน คุณสามารถมีกิจกรรมร่วมกับเว็บไซต์ได้ แต่ต้องล็อกอินก่อน ::
  ล็อกอิน

รายการสื่อสารสนเทศ

ลำดับที่ ประเภท เลขเรียก/บาร์โค้ด สถานที่ สถานะ
1. การศึกษาทั่วไป
การศึกษาทั่วไป
BQ4570.L5 ว111ส  
  Barcode: 19771
ห้องสมุดวิทยาเขตสวรรค์ประชารักษ์
►หนังสือทั่วไป
บนชั้น

รายการใกล้เคียง
    ผู้แต่ง [ว. วชิรเมธี]

    หัวเรื่อง [ธรรมะกับชีวิตประจำวัน]

BibComment


ยังไม่เคยถูกคอมเมนท์

คอมเมนท์ทรัพยากรรายการนี้
  คอมเมนท์: สิ่งที่สูงกว่าเง..


 Copyright 2026. Bcnsprnw @Library